000 00459nam a2200181Ia 4500
005 20240823055042.0
008 240823s9999||||xx |||||||||||||| ||und||
041 _aENGLISH
082 _A005.1 Q7
100 _aAnuj Bhardwaj
245 0 _aDesign and Analysis of Algorithms
250 _a1st
260 _c2017
_bNarosa Publishing
500 _aYES
650 _aAnalysis of Algorithms
_bComputer Applications
700 _a Parag Verma
942 _cBK
999 _c227892
_d227892